Un texto árabe occidental de la leyenda de Alejandro / (Record no. 129527)
[ view plain ]
| 000 -LEADER | |
|---|---|
| campo de control de longitud fija | 00578nam a2200169 i 4500 |
| 001 - NÚMERO DE CONTROL | |
| campo de control | 129527 |
| 003 - IDENTIFICADOR DE NÚMERO DE CONTROL | |
| campo de control | ES-MaACL |
| 005 - FECHA Y HORA DE LA ÚLTIMA TRANSACCIÓN | |
| campo de control | 20251002204013.0 |
| 007 - CAMPO FIJO DE DESCRIPCIÓN FÍSICA--INFORMACIÓN GENERAL | |
| campo de control de longitud fija | t| |
| 008 - DATOS DE LONGITUD FIJA--INFORMACIÓN GENERAL | |
| campo de control de longitud fija | 070625s1927 sp ||||1| spa d |
| 245 00 - MENCIÓN DEL TÍTULO | |
| Título | Un texto árabe occidental de la leyenda de Alejandro / |
| Mención de responsabilidad, etc. | edición, traducción española y estudio preliminar por Emilio García Gómez. |
| 260 ## - PUBLICACIÓN, DISTRIBUCIÓN, ETC. | |
| Lugar de publicación, distribución, etc. | Madrid : |
| Nombre del editor, distribuidor, etc. | [s.n.], |
| Fecha de publicación, distribución, etc. | 1929 ( |
| Fabricante | Estanislao Maestre) |
| 300 ## - DESCRIPCIÓN FÍSICA | |
| Extensión | CLXII, 108 p. ; |
| Dimensiones | 24 cm. |
| 700 1# - ENTRADA AGREGADA--NOMBRE PERSONAL | |
| Nombre de persona | García Gómez, Emilio, |
| Fechas asociadas al nombre | 1905-1995 |
| 9 (RLIN) | 54690 |
| 852 ## - LOCALIZACIÓN | |
| Ubicación | ES-MaACL |
| Número de control de estantería | G-13822 |
| Estatus retirado | Estado de pérdida | Estado de daño | No para préstamo | Biblioteca de origen | Biblioteca actual | Ubicación en estantería | Fecha de adquisición | Fuente de adquisición | Total de préstamos | Signatura topográfica completa | Código de barras | Visto por última vez | Precio de reemplazo | Tipo de ítem Koha |
|---|---|---|---|---|---|---|---|---|---|---|---|---|---|---|
| Biblioteca del Ateneo de Madrid | Biblioteca del Ateneo de Madrid | Sala Pecera Planta 3 | 17/01/2008 | G-13822 | 1134880 | 23/02/2023 | 23/02/2023 | Libro impreso |
